Ten great educators of modern Japan : A Japanese perspective
שמור ב:
| פורמט: | ספר |
|---|---|
| שפה: | Undetermined |
| יצא לאור: |
[Tokyo]
University of Tokyo Press
1989
|
| נושאים: | |
| תגים: |
הוספת תג
אין תגיות, היה/י הראשונ/ה לתייג את הרשומה!
|
| Thư viện lưu trữ: | Trung tâm Học liệu Trường Đại học Cần Thơ |
|---|
| LEADER | 00641nam a2200217Ia 4500 | ||
|---|---|---|---|
| 001 | CTU_114774 | ||
| 008 | 210402s9999 xx 000 0 und d | ||
| 082 | |a 370.952 | ||
| 082 | |b T289 | ||
| 245 | 0 | |a Ten great educators of modern Japan : | |
| 245 | 2 | |b A Japanese perspective | |
| 245 | 0 | |c compiled and edited by Benjamin C. Duke ; foreword by Edwin O. Reischauer. | |
| 260 | |a [Tokyo] | ||
| 260 | |b University of Tokyo Press | ||
| 260 | |c 1989 | ||
| 650 | |a Educators,Education | ||
| 650 | |x History | ||
| 650 | |y 20th century | ||
| 650 | |z Japan,Japan | ||
| 904 | |i M.Loan | ||
| 980 | |a Trung tâm Học liệu Trường Đại học Cần Thơ | ||